国道171号と交差する鉄道路線 - Statistics

General Stats
  • This quiz has been taken 67 times
  • The average score is 9 of 13
Answer Stats
Answer % Correct
東海道本線
93%
東海道新幹線
84%
東海道本線
84%
京都本線
82%
神戸本線
73%
本線
71%
宝塚本線
69%
福知山線
65%
今津線
58%
山陽新幹線
51%
南北線
49%
彩都線
40%
箕面線
40%
No matching quizzes found
Score Distribution
Percent of People with Each Score
Percentile by Number Answered
Your Score History
You have not taken this quiz